000 01751cam a22004094i 4500
003 PE-LiUPU
005 20250731175623.0
008 150623s1998 inua r 000 0 eng d
020 _a1575060213
035 _a(Sirsi) i9781575060217
040 _aPE-LiUPU
_bspa
_cPE-LiUPU
_dPE-LiUPU
_erda
049 _aPRUA
082 0 4 _a492
_bB38
_221
100 1 _aBennett, Patrick R.,
_eautor.
245 1 0 _aComparative semitic linguistics :
_ba manual /
_cPatrick R. Bennett.
264 1 _aWinona Lake, Indiana :
_bEisenbrauns,
_c1998.
300 _a269 páginas :
_bilustraciones ;
_c28 centímetros
336 _atext
_2rdacontent
337 _aunmediated
_2rdamedia
338 _avolume
_2rdacarrier
505 0 _aBasics of descriptive linguistics -- A general introduction to the semitic language family -- An Outline of Comparative linguistics -- Lexicostatistics: some alternatives -- Linguistic reconstruction: comparative and internal -- Various less-common techniques -- Onward and beyond -- Conclusion -- Paradigms -- Wordlist.
526 _aP145
526 _aP127
526 _aP97
526 _aP35
526 _aP14
526 _aP07
650 0 4 _aLenguas semíticas
_vGlosarios, vocabularios, etc.
650 0 4 _aLenguas semíticas
_xGramática comparada.
650 0 4 _aLingüística comparada.
942 _2ddc
_cBOOK
949 _a492 B38
_wDEWEY
_c1
_i45056
_lCCODEBUL1
_mBUL
_r0
_sY
_tBOOK
_u2015-6-24
_xTEOLOGIA
_PP35
_0COMPRA
_o.STAFF. Colección General
994 _aC0
_bPEPRU
596 _a1
999 _a492 B38
_wDEWEY
_c21939
_i45056
_f2021-11-5
_g6
_lCCODEBUL1
_mBUL
_p49.50
_r0
_sY
_tBOOK
_u2015-6-24
_xBIBLIOTECA
_PP35
_0COMPRA
_o.STAFF. Colección Teología
_d21939
980 _81
_gALBERTO SANCHEZ Responsable de Automatización